000 00878pam a2200265 a 4500
008
020 _a9780340928264 (pbk. )
049 _aMAIN
090 _aRD93.9.E85
_bTRA
245 0 0 _aTrauma care manual /
_cedited by Ian Greaves, Keith M. Porter and James M. Ryan.
260 _aLondon :
_bArnold,
_c2001.
300 _a339 p. :
_bill. ;
_c30 cm.
500 _aIncludes index.
504 _aIncludes bibliographical references.
650 0 _aTraumatology
_zEurope
_vHandbooks, manuals, etc.
650 0 _aWounds and injuries
_xTreatment
_zEurope
_vHandbooks, manuals, etc.
700 1 _aGreaves, Ian.
700 1 _aRyan, James M.,
_cFRCS.
700 1 _aPorter, Keith
_q(Keith Macdonald)
907 _a.b10339991
_b17-03-14
_c17-03-14
003
005 20230120204135.0
040 _cNUST
942 _cBOOKS
_kRD93.9.E85
_mTRA
999 _c117842
_d117842